Моделирование линейного асинхронного электропривода; Электромеханические преобразователи энергии

Bibliografske podrobnosti
Parent link:Электромеханические преобразователи энергии.— 2011.— C. 90-95
Glavni avtor: Колобков М. А.
Drugi avtorji: Однокопылов И. Г. Иван Георгиевич, Гнеушев В. В. Виталий Викторович
Jezik:ruščina
Izdano: 2011
Teme:
Format: MixedMaterials Book Chapter
KOHA link:https://koha.lib.tpu.ru/cgi-bin/koha/opac-detail.pl?biblionumber=316296

MARC

LEADER 00000naa2a2200000 4500
001 316296
005 20260202100033.0
035 |a (RuTPU)RU\TPU\book\341734 
035 |a RU\TPU\book\316464 
090 |a 316296 
100 |a 20160317d2011 k y0rusy50 ca 
101 0 |a rus 
102 |a RU 
200 1 |a Моделирование линейного асинхронного электропривода  |f М. А. Колобков, И. Г. Однокопылов, В. В. Гнеушев 
320 |a Библиогр.: с. 95 (4 назв.) 
463 0 |0 (RuTPU)RU\TPU\book\250454  |t Электромеханические преобразователи энергии  |o материалы V Юбилейной международной научно-технической конференции, 12-14 октября 2011 г., Томск  |f Национальный исследовательский Томский политехнический университет (ТПУ) ; Российский фонд фундаментальных исследований (РФФИ) ; Томская область, Администрация   |v C. 90-95  |d 2011 
610 1 |a труды учёных ТПУ 
700 1 |a Колобков  |b М. А. 
701 1 |a Однокопылов  |b И. Г.  |c специалист в области электротехники  |c доцент Томского политехнического университета, кандидат технических наук  |f 1983-  |g Иван Георгиевич  |3 (RuTPU)RU\TPU\pers\27975  |9 12965 
701 1 |a Гнеушев  |b В. В.  |c специалист в области электротехники  |c старший преподаватель Томского политехнического университета  |f 1975-  |g Виталий Викторович  |3 (RuTPU)RU\TPU\pers\35980  |9 19121 
801 1 |a RU  |b 63413507  |c 20140519 
801 2 |a RU  |b 63413507  |c 20160317  |g RCR 
942 |c BK